Fisiología del deporte y el ejercicio: prácticas de campo y laboratorio

Uloženo v:
Podrobná bibliografie
Hlavní autor: Mora Rodríguez, Ricardo (autor)
Médium: Kniha
Jazyk:španělština
Vydáno: Madrid Médica Panamericana 2010
Témata:
Tagy: Přidat tag
Žádné tagy, Buďte první, kdo vytvoří štítek k tomuto záznamu!

MARC

LEADER 00000nam a2200000 a 4500
001 UCG4493
003 CL-VaPUC
008 101104e20100000SP |||||||||||||||||spa|d
020 |a 9788498352702 
082 0 4 |a 796.012  |b MOR  |2 21 
100 |a Mora Rodríguez, Ricardo  |e autor  |9 553794 
245 1 0 |a Fisiología del deporte y el ejercicio: prácticas de campo y laboratorio 
300 |a 212 p 
942 |c BK 
945 |d 20101104 00:00:00  |a mfarfan 
260 |a Madrid  |b Médica Panamericana  |c 2010 
500 |a Incluye CD 
650 7 |a CONDICION FISICA  |2 CL-VaPUC  |9 373543 
650 7 |a FISIOLOGIA DEL DEPORTE  |2 CL-VaPUC  |9 432770 
650 0 |a Evaluación  |9 271902 
650 0 |a Actividad física  |9 362156 
583 |a last modification  |c 20101104 00:00:00  |k Rodrigo Vera 
999 |c 343195  |d 343193 
952 |0 0  |1 0  |4 0  |6 796_012000000000000_MOR_2010  |7 0  |8 A  |9 440285  |a BIBEDU  |b BIBEDU  |d 2019-11-22  |i 4731832  |o 796.012 MOR 2010  |p 4731832  |r 2019-11-22  |w 2019-11-22  |y BK  |k EFI